000
00275nam a22001337a 4500
008
170313b xxu||||| |||| 00| 0 eng d
020
_a
0697051331
041
_a
eng
080
_a
591
100
_a
7
101
_a
SHM
245
_a
FETAL PIG
_c
ODLAUG, TH.O
942
_2
udc
_c
BK
999
_c
7727
_d
7727